Každému podľa jeho potrieb

Návrh ministerky práce, sociálnych vecí a rodiny Ivety Radičovej brať pri výpočte nových starobných dôchodkov do úvahy všetky mzdy, ktoré dôchodcovia poberali, čo by znamenalo aj zárobky za socializmu. Kritika návrhu. Debaty o zachovaní, obmedzení alebo zrušení zásluhovosti systému štátom rozdeľovan...

Description complète

Enregistré dans:
Détails bibliographiques
Auteur principal: Záborský, Ján
Format: Chapitre de livre
Langue:slovaque
Sujets:
Tags: Ajouter un tag
Pas de tags, Soyez le premier à ajouter un tag!

MARC

LEADER 00000naa$a2200000$$$4500
001 0038336
005 20231009082830.3
041 0 |a slo 
044 |a SK 
245 1 0 |a Každému podľa jeho potrieb  |c Ján Záborský 
520 |a Návrh ministerky práce, sociálnych vecí a rodiny Ivety Radičovej brať pri výpočte nových starobných dôchodkov do úvahy všetky mzdy, ktoré dôchodcovia poberali, čo by znamenalo aj zárobky za socializmu. Kritika návrhu. Debaty o zachovaní, obmedzení alebo zrušení zásluhovosti systému štátom rozdeľovaných peňazí - na zásluhovosť nie sú peniaze. Potreba hľadať iné riešenie. 
610 2 0 |a dôchodky 
610 2 0 |a dôchodky starobné 
610 2 0 |a systémy dôchodkové 
610 2 0 |a platy 
610 2 0 |a mzdy 
610 2 0 |a financovanie 
100 1 |a Záborský, Ján